| 000 | 00883cam a2200217 4500 | ||
|---|---|---|---|
| 008 | 020801n2002 000 0 eng u | ||
| 035 | _a(Sirsi) u119151 | ||
| 100 | _aFairs, M | ||
| 245 | 4 | _aThe wasteland | |
| 260 | _c2002 | ||
| 490 |
_aBuilding _v267(8244) 26 July 2002, 22-25(4) |
||
| 520 | _aThames Gateway is the largest brownfield site in Europe and the proposed location for up to 200 000 new homes to help solve London's housing crisis. Outlines the development history of this area and the failures of successive governments to provide a strategic masterplan. Details infrastructure problems and describes critically existing developments . | ||
| 650 | _aTHAMES GATEWAY | ||
| 650 | _aBROWNFIELD SITES | ||
| 650 | _aHOUSING-DEVELOPMENT | ||
| 650 | _aMASTERPLANS | ||
| 650 |
_aInfrastructure _96246 |
||
| 690 | _aREGENERATION | ||
| 700 | _aSpring, S | ||
| 942 | _n0 | ||
| 999 |
_c70876 _d70876 |
||